000 00562nam a2200181 i 4500
001 99498
003 ES-MaACL
005 20230906182516.0
007 t|
008 050912s1968 sp ||||1| spa d
100 1 _aMartinet, Gilles.
_977705
245 1 3 _aEl marxismo de nuestro tiempo, o las contradicciones del socialismo /
_cGilles Martinet; traducción de J. Solé-Tura.
250 _a1ª ed.
260 _aBarcelona :
_bPenínsula,
_c1968.
300 _a122 p. ;
_c20 cm.
700 1 _aTura-Solé, José.
_9111692
852 _aES-MaACL
_jC-50356
_bR.65786
999 _c99498
_d99498